[Event "GER-chT U12"]
[Site "Verden"]
[Date "2005.12.29"]
[Round "5.3"]
[White "Foss, David"]
[Black "Roselius, Christian"]
[Result "1/2-1/2"]
[WhiteElo "1348"]
[BlackElo "1353"]
[PlyCount "93"]
[EventDate "2005.12.27"]
[EventType "team-swiss"]
[EventRounds "7"]
[EventCountry "GER"]
[SourceTitle "CBM 110 Extra"]
[Source "ChessBase"]
[SourceDate "2006.03.10"]
[SourceVersion "2"]
[SourceVersionDate "2006.03.10"]
[SourceQuality "1"]

1. e4 e5 2. Nf3 Nf6 3. Nc3 Nc6 4. Bb5 a6 5. Bxc6 bxc6 6. d3 d5 7. Nxe5 Qd6 8. Nf3 dxe4 9. dxe4 Qxd1+ 10. Kxd1 Bg4 11. Bf4 Bc5 12. Ke1 Bb4 13. Nd2 Bxc3 14. bxc3 Ra7 15. f3 Be6 16. Nb3 0-0 17. Kf2 Nh5 18. Be3 Raa8 19. Rhd1 f5 20. exf5 Bxf5 21. Nd4 Bg6 22. Rd2 Nf6 23. Ke2 Nd5 24. Nxc6 Nxc3+ 25. Ke1 Rfe8 26. Kf2 Nb5 27. Bc5 Kh8 28. c4 Nc3 29. Ne7 Be4 30. Bb4 Bb7 31. Bxc3 Rxe7 32. Re2 Rxe2+ 33. Kxe2 Re8+ 34. Kd2 h6 35. Re1 Rxe1 36. Kxe1 Kg8 37. Kd2 Kf7 38. Kd3 g5 39. g3 Bc8 40. f4 Be6 41. fxg5 hxg5 42. Kd4 Ke7 43. a3 g4 44. c5 c6 45. Ke5 Bd7 46. Kf4 Be6 47. Ke3 1/2-1/2

[Event "GER-chT U12"]
[Site "Verden"]
[Date "2005.12.29"]
[Round "6.3"]
[White "Roselius, Christian"]
[Black "Schaefer, Daniela"]
[Result "1-0"]
[WhiteElo "1353"]
[BlackElo "1297"]
[PlyCount "79"]
[EventDate "2005.12.27"]
[EventType "team-swiss"]
[EventRounds "7"]
[EventCountry "GER"]
[SourceTitle "CBM 110 Extra"]
[Source "ChessBase"]
[SourceDate "2006.03.10"]
[SourceVersion "2"]
[SourceVersionDate "2006.03.10"]
[SourceQuality "1"]

1. e4 d6 2. d4 g6 3. Nf3 Bg7 4. Nc3 Nf6 5. Bc4 0-0 6. 0-0 c5 7. e5 dxe5 8. dxe5 Ng4 9. Bf4 Nc6 10. Re1 Qb6 11. b3 Rd8 12. Qc1 Qa5 13. Nd5 b5 14. h3 bxc4 15. bxc4 e6 16. Bd2 Qa4 17. Nc3 Qxc4 18. hxg4 Qxg4 19. Rb1 Ba6 20. Qa3 Qc4 21. Bg5 Rdc8 22. Re4 Nd4 23. Nxd4 cxd4 24. Rb3 Qf1+ 25. Kh2 dxc3 26. Rxc3 Rxc3 27. Qxc3 Rc8 28. Qd4 Rxc2 29. Qd8+ Bf8 30. Rf4 Rc8 31. Qf6 Rc7 32. Qd8 Bb7 33. Rg4 Rc8 34. Qd7 Ba6 35. Rf4 f5 36. exf6 Qe2 37. f7+ Kh8 38. Bf6+ Bg7 39. f8Q+ Rxf8 40. Qxg7# 1-0

[Event "Lippe Cup 02nd"]
[Site "Lieme"]
[Date "2005.10.07"]
[Round "1"]
[White "Roselius, Christian"]
[Black "Niemann, Silvio"]
[Result "0-1"]
[WhiteElo "1367"]
[BlackElo "1714"]
[PlyCount "62"]
[EventDate "2005.10.07"]
[EventType "swiss"]
[EventRounds "5"]
[EventCountry "GER"]
[SourceTitle "EXT 2012"]
[Source "ChessBase"]
[SourceDate "2011.11.24"]
[SourceVersion "1"]
[SourceVersionDate "2011.11.24"]
[SourceQuality "1"]

1. e4 c5 2. Nc3 e5 3. Nf3 Nc6 4. Bc4 Be7 5. d3 Nf6 6. 0-0 d6 7. Be3 0-0 8. Nd5 Nxd5 9. Bxd5 Kh8 10. c3 f5 11. d4 f4 12. Bc1 exd4 13. cxd4 cxd4 14. Nxd4 Nxd4 15. Qxd4 f3 16. e5 dxe5 17. Qxe5 Bf6 18. Qe4 fxg2 19. Qxg2 Qb6 20. Bb3 Bd4 21. Be3 Rf6 22. Qe4 Rg6+ 23. Kh1 Bg4 24. Bxd4 Qxd4 25. Bd5 Qxb2 26. Bxb7 Rf8 27. Rae1 Bh3 28. Rg1 Rxg1+ 29. Rxg1 Qxf2 30. Qe7 Qxg1+ 31. Kxg1 Rf1# 0-1

[Event "OWL-ch U12"]
[Site "Hiddenhausen"]
[Date "2005.01.02"]
[Round "1"]
[White "Karsunke, Marvin"]
[Black "Roselius, Christian"]
[Result "1/2-1/2"]
[WhiteElo "1213"]
[BlackElo "908"]
[PlyCount "58"]
[EventDate "2005.01.02"]
[EventType "swiss"]
[EventRounds "7"]
[EventCountry "GER"]
[SourceTitle "EXT 2007"]
[Source "ChessBase"]
[SourceDate "2006.11.23"]
[SourceVersion "1"]
[SourceVersionDate "2006.11.23"]
[SourceQuality "1"]

1. e4 e5 2. Bc4 Nc6 3. Nc3 Bc5 4. d3 d6 5. f4 Nf6 6. h3 Be6 7. Bb3 Qd7 8. f5 Bxb3 9. axb3 0-0-0 10. Nf3 d5 11. Na4 Bb6 12. Nxb6+ cxb6 13. exd5 Nxd5 14. 0-0 Nf6 15. Qe1 Qxf5 16. Nd4 Qd7 17. Nxc6 bxc6 18. Qxe5 Rhe8 19. Qg3 Nh5 20. Qf3 Nf6 21. Bg5 Re6 22. Rae1 Rxe1 23. Rxe1 Qd4+ 24. Kh1 Qc5 25. Bxf6 gxf6 26. Qe2 Qa5 27. Rf1 f5 28. Qf3 Rd5 29. Qg3 Qc5 1/2-1/2